Dallas Cowboys Nicknames - Statistics

General Stats
  • This quiz has been taken 197 times
  • The average score is 6 of 10
Answer Stats
Nickname Player % Correct
Prime Time Deion Sanders
96%
T. O. Terrell Owens
88%
Too Tall Ed Jones
76%
The Playmaker Michael Irvin
64%
Captain Comeback Roger Staubach
60%
Greg the Leg Greg Zuerlein
59%
Marion the Barbarian Marion Barber III
57%
Moose Daryl Johnston
37%
The Big Tuna Bill Parcells
26%
General ___ Sean Lee
17%
No matching quizzes found
Score Distribution
Percent of People with Each Score
Percentile by Number Answered
Your Score History
You have not taken this quiz